000 01065nam a2200277Ia 4500
001 Para_10238
003 CHAP
008 220125sOctu xx 000 0 und d
010 _a208924
040 _cCHAP
090 _aPA CD - TESIS 283
100 _aMontes Tirzo, Ernesto Manuel Mariano
_9126560
245 _aRespuesta de siete especies de maleza a la mezcla de amicarbazone + paraquat camparado contra glifosato y glufosinato de amonio, bajo condiciones de invernadero /
_c Ernesto Manuel Mariano Montes Tirzo. Director Antonio Tafoya Razo
260 _aChapingo, Méx. :
_b el autor
300 _a1 CDS ROM (42 p.)
502 _aTesis (Ing. Agr. Esp. en Parasitología Agrícola). UACh. Departamento Parasitología Agrícola
700 _aTafoya Razo, J. Antonio. Director
_9171337
710 _aUACh. Departamento Parasitología Agrícola
_9164025
901 _aPA CD - TESIS 283
902 _aM
905 _a513220Octubre, 2013 n 8100000000 06
910 _aOctu
942 _cPARA
942 _cPARA
_d2
999 _c208924
_d208924